00593 a2200157 45000010006000000050017000060080041000230030015000640400040000790800107001192450069002262640086002953000018003810410008003991000028004076281820260407155922.0260407a1964 arg spa dAR-UNSa-BCEJYS aAR-UNSa-BCEJYSbspacAR-UNSa-BCEJYS a35.08xPersonal administrativo. Funcionarios. plantilla. función pública. Teoría, organización10aLa nueva legislación sobre funcionarios públicos en España 1aMadrid :bCFYPF (Centro de Formación y Perfeccionamiento de Funcionarios)c1964 a52 p.c21 cm. aspa1 aGarrido Falla, Fernando